Balkán dosszié. Argosztól - Zágrábig. 1-24
Elmentve itt :
| Szerző: | |
|---|---|
| Adatforrás: | Meister |
| Forrásdokumentuma: | Helikon. - 27-30 ; 32-51 sz., 1991, 10 p. |
| Nyelv: | magyar |
| Kulcsszavak: | kisebbségtörténet bácskai vérbosszú, 1944 etnikai konfliktusok Balkán |
| LEADER | 00435nab a2200157 i 4500 | ||
|---|---|---|---|
| 001 | bibPRO00009267 | ||
| 008 | 060524s1991 xx hun | ||
| 040 | |a Sz1 | ||
| 041 | |a hun | ||
| 100 | 1 | |a ZZZ | |
| 245 | 1 | 0 | |a Balkán dosszié. Argosztól - Zágrábig. 1-24 |c ZZZ |
| 695 | |a kisebbségtörténet | ||
| 695 | |a bácskai vérbosszú, 1944 | ||
| 695 | |a etnikai konfliktusok | ||
| 695 | |a Balkán | ||
| 773 | 0 | |t Helikon. - |g 27-30 ; 32-51 sz., 1991, 10 p. | |